| 000 | 00000nam##2200000za#4500 |
| 001 | 9.573896 |
| 003 | CaOODSP |
| 005 | 20220623125948 |
| 007 | cr ||||||||||| |
| 008 | 150406|2009||||xxc|||||o f|0| 0 eng|d |
| 040 | |aCaOODSP|beng |
| 043 | |an-cn--- |
| 086 | 1 |aH117-5/7-2009E-PDF |
| 110 | 1 |aCanada. |bCanadian Institute for Health Information. |
| 245 | 10|aDiabetes care gaps and disparities in Canada |h[electronic resource] |
| 260 | |aOttawa - Ontario : |bCanadian Institute for Health Information |cDecember 2009. |
| 300 | |a21p.|bfigs. (some coloured), graphs, references |
| 490 | 1 |aAnalysis in brief |
| 590 | |a12-20-Supp|b2012-05-09 |
| 775 | 08|tLacunes et disparités en matière de soins aux personnes diabétiques au Canada |w(CaOODSP)9.603870 |
| 830 | #0|aAnalysis in brief (Statistics Canada)|w(CaOODSP)9.506985 |
| 856 | 40|ahttp://publications.gc.ca|qPDF|s671 KB|uhttps://publications.gc.ca/collections/collection_2012/icis-cihi/H117-5-7-2009-eng.pdf |